\

المدخل إلى وسائل الإعلام : (Record no. 19713)

MARC details
000 -LEADER
fixed length control field 00866cam a2200229 a 4500
001 - CONTROL NUMBER
control field a5117
003 - CONTROL NUMBER IDENTIFIER
control field SIRSI
008 - FIXED-LENGTH DATA ELEMENTS--GENERAL INFORMATION
fixed length control field 130101s2000 ua gr 000 0 ara d
020 ## - INTERNATIONAL STANDARD BOOK NUMBER
International Standard Book Number 9770165891
035 ## - SYSTEM CONTROL NUMBER
System control number (Sirsi) a5073
050 #4 - LIBRARY OF CONGRESS CALL NUMBER
Classification number P90
Item number .S52 2000
100 1# - MAIN ENTRY--PERSONAL NAME
Personal name شرف، عبد العزيز،
Titles and words associated with a name الدكتور.
245 12 - TITLE STATEMENT
Title المدخل إلى وسائل الإعلام :
Remainder of title الصحافة، الإذاعة، التليفزيون ... /
Statement of responsibility, etc. عبد العزيز شرف.
250 ## - EDITION STATEMENT
Edition statement ط. 2.
260 ## - PUBLICATION, DISTRIBUTION, ETC.
Place of publication, distribution, etc. القاهرة، [مصر] :
Name of publisher, distributor, etc. د الهيئة المصرية العامة للكتاب،
Date of publication, distribution, etc. 2000.
300 ## - PHYSICAL DESCRIPTION
Extent 700، 20 ص. ؛
Dimensions 24 سم.
504 ## - BIBLIOGRAPHY, ETC. NOTE
Bibliography, etc. note ببليوجرافيا : ص. 695-698.
650 #4 - SUBJECT ADDED ENTRY--TOPICAL TERM
Topical term or geographic name entry element وسائل الإعلام.
650 #4 - SUBJECT ADDED ENTRY--TOPICAL TERM
Topical term or geographic name entry element الصحف.
650 #4 - SUBJECT ADDED ENTRY--TOPICAL TERM
Topical term or geographic name entry element التليفزيون.
650 #4 - SUBJECT ADDED ENTRY--TOPICAL TERM
Topical term or geographic name entry element الإتصالات عبر الأقمار الصناعية.
Holdings
Withdrawn status Lost status Source of classification or shelving scheme Damaged status Not for loan Collection Home library Current library Shelving location Total checkouts Full call number Barcode Date last seen Copy number Price effective from Koha item type
    Library of Congress Classification     College of Media and Mass Communication (CMMC) MAIN MAIN General   P90 .S52 2000 10012011 03/13/2021 1 11/19/2019 Books